[Event "GBR-ch Seniors 50 108th"]
[Site "Torquay"]
[Date "2022.08.13"]
[Round "6"]
[White "Stinton Brownbridge, Michael H"]
[Black "Fegan, Chris"]
[Result "1/2-1/2"]
[WhiteElo "1895"]
[BlackElo "2025"]
[PlyCount "102"]
[EventDate "2022.08.08"]
[EventType "swiss"]
[EventRounds "7"]
[EventCountry "ENG"]
[SourceTitle "EXT 2024"]
[Source "ChessBase"]
[SourceDate "2023.10.10"]
[SourceVersion "1"]
[SourceVersionDate "2023.10.10"]
[SourceQuality "1"]

1. d4 Nf6 2. c4 g6 3. Nc3 d5 4. cxd5 Nxd5 5. e4 Nxc3 6. bxc3 Bg7 7. Bc4 0-0 8. Ne2 c5 9. Be3 Nc6 10. Rc1 cxd4 11. cxd4 Qa5+ 12. Kf1 b5 13. Bd5 Bb7 14. Bxc6 Bxc6 15. Rxc6 Qxa2 16. g3 f5 17. Nc3 Qf7 18. Qf3 b4 19. Nd5 b3 20. Kg2 e6 21. Rc7 Qe8 22. Rxg7+ Kxg7 23. Nc7 Qc6 24. Qf4 Qxe4+ 25. Qxe4 fxe4 26. Rb1 Rab8 27. Nxe6+ Kf7 28. Nxf8 Kxf8 29. Bd2 Rb5 30. Kf1 Kf7 31. Ke2 Ke6 32. Ra1 a5 33. Bxa5 b2 34. Rb1 Rxa5 35. Rxb2 Kd5 36. Rd2 Ra4 37. Ke3 Ra3+ 38. Kf4 Rf3+ 39. Kg4 Rd3 40. Re2 Rf3 41. h4 Kxd4 42. h5 gxh5+ 43. Kxh5 e3 44. fxe3+ Kd3 45. Re1 Rxg3 46. e4 Rg6 47. e5 Kd2 48. Re4 Kd3 49. Re1 Kd2 50. Re4 Kd3 51. Re1 Kd2 1/2-1/2

[Event "BCF-ch Major op"]
[Site "Torquay"]
[Date "2013.08.05"]
[Round "7.103"]
[White "Stinton Brownbridge, Michael H"]
[Black "Oliver, Martin"]
[Result "1/2-1/2"]
[WhiteElo "1994"]
[BlackElo "1842"]
[PlyCount "89"]
[EventDate "2013.07.29"]
[EventType "swiss"]
[EventRounds "11"]
[EventCountry "ENG"]
[SourceTitle "EXT 2023"]
[Source "ChessBase"]
[SourceDate "2022.10.05"]
[SourceVersion "1"]
[SourceVersionDate "2022.10.05"]
[SourceQuality "1"]

1. d4 Nf6 2. Nf3 g6 3. Nc3 d5 4. Bf4 c6 5. e3 Bg4 6. Be2 Bg7 7. h3 Bxf3 8. Bxf3 Nbd7 9. 0-0 0-0 10. Re1 Re8 11. e4 dxe4 12. Nxe4 Nxe4 13. Bxe4 Nf6 14. Bf3 Qb6 15. Qd2 Rad8 16. c3 Nd5 17. Bg3 Rd7 18. Rad1 e6 19. Qc2 Red8 20. Qb3 c5 21. dxc5 Qxc5 22. Be2 a6 23. Bf3 b5 24. Bh4 Ne7 25. Rxd7 Rxd7 26. Rxe6 Nf5 27. Re8+ Bf8 28. Bg4 Rd2 29. Bxf5 gxf5 30. Qb4 Qxb4 31. cxb4 Kg7 32. Bg5 Rxb2 33. a3 Rb1+ 34. Kh2 Bd6+ 35. g3 Ra1 36. Rd8 Be5 37. Rd3 Bb2 38. Rd6 f6 39. Rd7+ Kg6 40. Be3 Bxa3 41. Bc5 Rb1 42. Bf8 Bxb4 43. Rg7+ Kh6 44. Re7+ Kg6 45. Rg7+ 1/2-1/2

[Event "BCF-ch Major op"]
[Site "Torquay"]
[Date "2013.07.29"]
[Round "1.70"]
[White "Stinton Brownbridge, Michael H"]
[Black "Whatley, Stephen Arthur"]
[Result "0-1"]
[WhiteElo "1994"]
[BlackElo "1782"]
[PlyCount "62"]
[EventDate "2013.07.29"]
[EventType "swiss"]
[EventRounds "11"]
[EventCountry "ENG"]
[SourceTitle "EXT 2023"]
[Source "ChessBase"]
[SourceDate "2022.10.05"]
[SourceVersion "1"]
[SourceVersionDate "2022.10.05"]
[SourceQuality "1"]

1. e4 c5 2. Nc3 Nc6 3. f4 g6 4. Nf3 Bg7 5. Bb5 Nd4 6. Nxd4 cxd4 7. Ne2 a6 8. Bc4 e6 9. 0-0 Ne7 10. f5 exf5 11. d3 d5 12. Bb3 0-0 13. exf5 Nxf5 14. Nf4 Be6 15. Qf3 Rc8 16. Bd2 Qd7 17. Nxd5 Bxd5 18. Qxd5 Qxd5 19. Bxd5 Rxc2 20. Bb4 Rd8 21. Bxf7+ Kxf7 22. g4 Rxb2 23. a3 Rd5 24. Rac1 a5 25. Rc7+ Ke8 26. gxf5 axb4 27. Rxg7 bxa3 28. f6 Rg5+ 29. Kh1 Rf5 30. f7+ Kf8 31. Rxf5 gxf5 0-1

[Event "BCF-chT4 0607 (4NCL)"]
[Site "Sunningdale"]
[Date "2007.05.26"]
[Round "9.13"]
[White "Stinton Brownbridge, Michael H"]
[Black "Rich, Mark"]
[Result "0-1"]
[WhiteElo "2025"]
[BlackElo "2189"]
[PlyCount "44"]
[EventDate "2006.09.16"]
[EventType "team"]
[EventRounds "11"]
[EventCountry "ENG"]
[SourceTitle "EXT 2008"]
[Source "ChessBase"]
[SourceDate "2007.11.25"]
[SourceVersion "1"]
[SourceVersionDate "2007.11.25"]
[SourceQuality "1"]
[WhiteTeam "Coventry"]
[BlackTeam "Jutes of Kent"]
[WhiteTeamCountry "ENG"]
[BlackTeamCountry "ENG"]

1. e4 c5 2. Nc3 a6 3. g3 Nc6 4. Bg2 g6 5. f4 Bg7 6. Nf3 e6 7. 0-0 Nge7 8. d3 d5 9. exd5 exd5 10. h3 b5 11. a3 0-0 12. g4 f5 13. g5 d4 14. Ne2 Nd5 15. Ng3 Qd6 16. Ne2 Bb7 17. Qe1 Rae8 18. Bd2 Re7 19. Qf2 Ne3 20. Nfxd4 cxd4 21. Nxd4 Bxd4 22. c3 Nxf1 0-1

[Event "BCF-chT4 0607 (4NCL)"]
[Site "Sunningdale"]
[Date "2007.02.11"]
[Round "6.3"]
[White "Stinton Brownbridge, Michael H"]
[Black "Winfridsson, Ola"]
[Result "1/2-1/2"]
[WhiteElo "2025"]
[BlackElo "2099"]
[PlyCount "65"]
[EventDate "2006.09.16"]
[EventType "team"]
[EventRounds "11"]
[EventCountry "ENG"]
[SourceTitle "EXT 2008"]
[Source "ChessBase"]
[SourceDate "2007.11.25"]
[SourceVersion "1"]
[SourceVersionDate "2007.11.25"]
[SourceQuality "1"]
[WhiteTeam "Coventry"]
[BlackTeam "Poisoned Pawns II"]
[WhiteTeamCountry "ENG"]
[BlackTeamCountry "ENG"]

1. d4 Nf6 2. Nf3 d5 3. c4 dxc4 4. Nc3 c6 5. a4 Bf5 6. e3 e6 7. Bxc4 Nbd7 8. 0-0 Be7 9. Re1 Nb6 10. Bd3 Bg4 11. Be2 c5 12. h3 Bh5 13. a5 Nbd7 14. e4 cxd4 15. Nxd4 Bxe2 16. Qxe2 Bc5 17. Be3 0-0 18. Red1 Qe7 19. Bg5 h6 20. Bh4 Ne5 21. Nb3 Rfd8 22. Qb5 Rxd1+ 23. Rxd1 Rc8 24. Bxf6 gxf6 25. Nxc5 Rxc5 26. Qb4 Nc6 27. Rd7 Nxb4 28. Rxe7 Rxa5 29. Rxb7 Nd3 30. Kf1 Nf4 31. Kg1 Nd3 32. Kf1 Nf4 33. Kg1 1/2-1/2

[Event "BCF-chT3 0506 (4NCL)"]
[Site "Birmingham"]
[Date "2006.04.29"]
[Round "9.5"]
[White "Stinton Brownbridge, Michael H"]
[Black "Dunn, Andrew"]
[Result "0-1"]
[WhiteElo "2000"]
[BlackElo "2197"]
[PlyCount "118"]
[EventDate "2005.10.22"]
[EventType "team"]
[EventRounds "11"]
[EventCountry "ENG"]
[SourceTitle "EXT 2007"]
[Source "ChessBase"]
[SourceDate "2006.11.23"]
[SourceVersion "1"]
[SourceVersionDate "2006.11.23"]
[SourceQuality "1"]
[WhiteTeam "Hilsmark Coventry"]
[BlackTeam "Poisoned Pawns"]
[WhiteTeamCountry "ENG"]
[BlackTeamCountry "ENG"]

1. d4 d5 2. c4 c6 3. Nf3 Nf6 4. Nc3 a6 5. e3 Bg4 6. b3 Nbd7 7. Be2 e6 8. 0-0 Bd6 9. Bb2 0-0 10. Qc2 Bf5 11. Bd3 Bxd3 12. Qxd3 Re8 13. Rac1 dxc4 14. bxc4 e5 15. Nd2 Qe7 16. f3 Rad8 17. Nce4 exd4 18. Nxd6 Qxd6 19. exd4 Qf4 20. Rfe1 Qh4 21. Ne4 Nxe4 22. Rxe4 Rxe4 23. Qxe4 Qxe4 24. fxe4 Re8 25. Re1 c5 26. Kf2 Nb6 27. dxc5 Nxc4 28. Bc3 Ne5 29. Bxe5 Rxe5 30. Rb1 Rxc5 31. Rxb7 g6 32. Rb2 Rc3 33. Re2 Kf8 34. Re3 Rc2+ 35. Re2 Rc4 36. Kf3 a5 37. Kf4 f6 38. g4 Ke7 39. Rb2 g5+ 40. Ke3 Ra4 41. Rb7+ Ke6 42. Rb6+ Kf7 43. Rb7+ Kg6 44. Rb2 h5 45. gxh5+ Kxh5 46. Kd3 g4 47. Ke3 Ra3+ 48. Kd4 Kh4 49. Rf2 Kh3 50. Kd5 Rd3+ 51. Ke6 Re3 52. Kd5 Rf3 53. Re2 a4 54. Ke6 a3 55. e5 fxe5 56. Kxe5 Rf1 57. Ke4 Rb1 58. Kf4 Rb4+ 59. Ke3 Rb2 0-1